000
00209nam a2200109Ia 4500
100
_a
CHRONICLE/MARQUEZ
942
_c
BK
245
_a
CHRONICLE OF A DEATH
260
_b
#N/A
546
_a
ENGLISH
999
_c
27612
_d
27612